| 000 | 00541nam a2200181Ia 4500 | ||
|---|---|---|---|
| 005 | 20250423094849.0 | ||
| 008 | 250422s9999 xx 000 0 und d | ||
| 020 | _a9780142412688 | ||
| 050 | _aPZ 7 .G44/ | ||
| 100 | _aGehrman, Jody Elizabeth. | ||
| 245 | 0 | _aConfessions of a Triple Shot Betty | |
| 260 | _aNew York | ||
| 260 | _bDial Books | ||
| 260 | _c2008 | ||
| 300 | _a255 p | ||
| 650 | _aInterpersonal relations--Fiction. Friendship--Fiction. Summer--Fiction. Identity--Fiction. Sonoma County (Calif.)--Fiction. | ||
| 942 | _cBK | ||
| 999 |
_c28528 _d28528 |
||